|
|
|
|
| LEADER |
00000naa2a2200000 4500 |
| 001 |
619061 |
| 005 |
20231101133037.0 |
| 035 |
|
|
|a (RuTPU)RU\TPU\conf\17465
|
| 035 |
|
|
|a RU\TPU\conf\17464
|
| 090 |
|
|
|a 619061
|
| 100 |
|
|
|a 20160803d2016 k y0rusy50 ca
|
| 101 |
0 |
|
|a rus
|d eng
|
| 102 |
|
|
|a RU
|
| 105 |
|
|
|a y z 101zy
|
| 135 |
|
|
|a drgn ---uucaa
|
| 181 |
|
0 |
|a i
|
| 182 |
|
0 |
|a b
|
| 200 |
1 |
|
|a Исследование связи между трещиностойкостью быстрорежущей стали и хрупкой прочности, изготовленных из нее мелкоразмерных свёрл
|d Investigation links between crack resistance of rapid steel and brittle strength prepared from the same steel small-sized drills
|f А. А. Котельникова, А. А. Кондратюк, В. П. Нестеренко
|
| 203 |
|
|
|a Текст
|c электронный
|
| 225 |
1 |
|
|a Проблемы прочности, пластичности и усталостной долговечности современных конструкционных материалов
|
| 230 |
|
|
|a 1 компьютерный файл (pdf; 722 Кб)
|
| 300 |
|
|
|a Заглавие с титульного экрана
|
| 320 |
|
|
|a [Библиогр.: с. 40 (5 назв.)]
|
| 330 |
|
|
|a This article describes the methods of determining the characteristics of crack resistance of high rapid steel and the brittle strength made from her small-sized drills. Set correlation and determined the optimal heat treatment conditions for cutting tools.
|
| 463 |
|
0 |
|0 (RuTPU)RU\TPU\conf\17108
|t Материалы и технологии новых поколений в современном материаловедении
|o сборник трудов Международной конференции, г. Томск, 9-11 июня 2016 г.
|f Национальный исследовательский Томский политехнический университет (ТПУ) ; Российская академия наук (РАН), Сибирское отделение (СО), Институт физики прочности и материаловедения (ИФПМ)
|v [С. 36-40]
|d 2016
|
| 510 |
1 |
|
|a Investigation links between crack resistance of rapid steel and brittle strength prepared from the same steel small-sized drills
|z eng
|
| 610 |
1 |
|
|a труды учёных ТПУ
|
| 610 |
1 |
|
|a электронный ресурс
|
| 610 |
1 |
|
|a трещиностойкость
|
| 610 |
1 |
|
|a быстрорежущие стали
|
| 610 |
1 |
|
|a прочность
|
| 610 |
1 |
|
|a сверла
|
| 610 |
1 |
|
|a термообработка
|
| 610 |
1 |
|
|a режущие инструменты
|
| 700 |
|
1 |
|a Котельникова
|b А. А.
|
| 701 |
|
1 |
|a Кондратюк
|b А. А.
|c специалист в области материаловедения
|c доцент Томского политехнического университета, кандидат технических наук
|f 1953-
|g Алексей Алексеевич
|2 stltpush
|3 (RuTPU)RU\TPU\pers\25464
|
| 701 |
|
1 |
|a Нестеренко
|b В. П.
|c специалист в области материаловедения
|c доцент Томского политехнического университета, кандидат технических наук
|f 1949-
|g Владимир Петрович
|2 stltpush
|3 (RuTPU)RU\TPU\pers\30074
|
| 712 |
0 |
2 |
|a Национальный исследовательский Томский политехнический университет (ТПУ)
|b Институт физики высоких технологий (ИФВТ)
|b Кафедра материаловедения в машиностроении (ММС)
|h 74
|2 stltpush
|3 (RuTPU)RU\TPU\col\18688
|
| 712 |
0 |
2 |
|a Национальный исследовательский Томский политехнический университет (ТПУ)
|b Юргинский технологический институт (филиал) (ЮТИ)
|b Кафедра технологии машиностроения (ТМС)
|h 356
|2 stltpush
|3 (RuTPU)RU\TPU\col\18902
|
| 801 |
|
2 |
|a RU
|b 63413507
|c 20160826
|g RCR
|
| 856 |
4 |
|
|u http://earchive.tpu.ru/handle/11683/31045
|
| 942 |
|
|
|c BK
|